Social interaction.
Gorde:
| Egile nagusia: | |
|---|---|
| Formatua: | Liburua |
| Hizkuntza: | Undetermined |
| Argitaratua: |
London
Methuen
1969
|
| Gaiak: | |
| Etiketak: |
Etiketa erantsi
Etiketarik gabe, Izan zaitez lehena erregistro honi etiketa jartzen!
|
| Thư viện lưu trữ: | Trung tâm Học liệu Trường Đại học Cần Thơ |
|---|
| LEADER | 00451nam a2200181Ia 4500 | ||
|---|---|---|---|
| 001 | CTU_91326 | ||
| 008 | 210402s9999 xx 000 0 und d | ||
| 082 | |a 301.1 | ||
| 082 | |b A695 | ||
| 100 | |a Argyle, Michael | ||
| 245 | 0 | |a Social interaction. | |
| 245 | 0 | |c Michael Argyle | |
| 260 | |a London | ||
| 260 | |b Methuen | ||
| 260 | |c 1969 | ||
| 650 | |a Social interaction | ||
| 904 | |i Năm | ||
| 980 | |a Trung tâm Học liệu Trường Đại học Cần Thơ | ||